| 000 | 01116nam0a2200253 4500 | ||
|---|---|---|---|
| 001 | RU\NLR\BIBL_A\022502880 | ||
| 005 | 20250810081059.0 | ||
| 035 | _a(NLR Aleph) 022502880 | ||
| 090 |
_a13388266 _c13388266 |
||
| 100 | _a20250326d1941 m y0rusy50 ca | ||
| 101 | 0 | _atgk | |
| 102 | _aTJ | ||
| 105 | _ay z 000 y | ||
| 181 | 0 |
_ai _baxxe |
|
| 182 | 0 | _an | |
| 200 | 1 |
_aИнструкцияи №290/44 дар бораи шароит ва тартиби паҳнкунии заёми давлатии панҷсолаи саюм (барориши соли чорӯм) дар байни колхозчиён, аъзоёни артельҳои косибӣ-ҳунармандии қишлоқ ва деҳқонони яқкадаст _fКомиссариати Халқин финансҳои СССР |
|
| 203 |
_aТекст _bвизуальный _cнепосредственный |
||
| 210 |
_aСталинобод _cНашрфиндав _d1941 |
||
| 215 | _a16,[1] с. | ||
| 942 | _cBOOK | ||
| 945 | _aРоссийская национальная библиотека | ||
| 980 | _aBV | ||
| 980 | _aNB | ||